书目信息 |
| 题名: |
金史纪事本末
|
|
| 作者: | 李有棠 著 | |
| 分册: | 第一册 | |
| 出版信息: | 北京 中华书局 1980.6 |
|
| 页数: | 301页 | |
| 开本: | 20cm | |
| 丛书名: | ||
| 单 册: | ||
| 中图分类: | K246.4 | |
| 科图分类: | ||
| 主题词: | 中国--历史 | |
| 电子资源: | ||
| ISBN: | ||
| 000 | 00633nam0 2200217 45 | |
| 001 | 0312221749 | |
| 005 | 20040506140521.5 | |
| 010 | @dCNY3.40 | |
| 091 | @a11018.841 | |
| 100 | @a20031222d1980 km y0chiy0120 ea | |
| 101 | @achi | |
| 105 | @a z 000yy | |
| 200 | 1 | @a金史纪事本末@h第一册@e卷一至卷一三@AJin Shi Ji Shi Ben Mo@f李有棠著@FLi You Tang Zhu@EJuan Yi Zhi Juan Yi San |
| 210 | @a北京@c中华书局@d1980.6 | |
| 215 | @a301页@d20cm | |
| 517 | @a卷一至卷一三@AJuan Yi Zhi Juan Yi San | |
| 606 | 0 | @a中国@x历史 |
| 690 | @aK246.4@v3 | |
| 701 | 0 | @a李有棠@4著 |
| 801 | @aCN@bTSTCL@c20031222 | |
| 905 | @dK246.4@e13:1@f1@b47759 | |
| 金史纪事本末.第一册:卷一至卷一三/李有棠著.-北京:中华书局,1980.6 |
| 301页;20cm |
| ISBN :CNY3.40 |
| ● |
| 相关链接 |
|
|
|
|
正题名:金史纪事本末
索取号:K246.4/13:1
 
预约/预借
| 序号 | 登录号 | 条形码 | 馆藏地/架位号 | 状态 | 备注 |
| 1 | 0047757 | 001125892 | 密集书库/ [索取号:K246.4/13:1] | 在馆 | |
| 2 | 0047758 | 202119901 | 第二样本阅览室/ [索取号:K246.4/13:1] | 在馆 | |
| 3 | 0047759 | 001125865 | 第二借阅区/ [索取号:K246.4/13:1] | 在馆 | |
| 4 | 0179759 | 000644440 | 第二借阅区/ [索取号:K246.4/13:1] | 在馆 |